000 00439nam a22001697a 4500
005 20251126113023.0
008 251126b |||||||| |||| 00| 0 eng d
020 _a978-81-8038-159-1
100 _aHAPGOOD, MARK
245 _aPAGET'S LAW OF BANKING
250 _a13TH ED.
260 _aLONDON
_bLEXISNEXIS BUTTERWORTHS
_c2007
300 _aC, 973P.
500 _aINCLUDES INDEX
650 _aBANKING LAW - ENGLAND
942 _2lcc
_cBK
999 _c216292
_d216292